000 00447nam a22001337a 4500
020 _a9788126905911
082 _a330.156
100 _aKeynes,John Maynard
245 _aThe General Theory of Employment,Interest and Money
260 _aNew Delhi
_bAtlantic publishers
_c2010.
300 _a351
942 _cBK
999 _c2511
_d2511